Ultra-wideband : (Record no. 12794)
[ view plain ]
| 000 -LEADER | |
|---|---|
| fixed length control field | 00991cam a22002777a 4500 |
| 001 - CONTROL NUMBER | |
| control field | 14678695 |
| 005 - DATE AND TIME OF LATEST TRANSACTION | |
| control field | 20140330092255.0 |
| 008 - FIXED-LENGTH DATA ELEMENTS--GENERAL INFORMATION | |
| fixed length control field | 061222t2007 xxka frb 001 0 eng d |
| 020 ## - INTERNATIONAL STANDARD BOOK NUMBER | |
| International Standard Book Number | 9780470032558 (hbk.) |
| 020 ## - INTERNATIONAL STANDARD BOOK NUMBER | |
| International Standard Book Number | 0470032553 (hbk.) |
| 035 ## - SYSTEM CONTROL NUMBER | |
| System control number | (OCoLC)ocm73952876 |
| 035 ## - SYSTEM CONTROL NUMBER | |
| System control number | (OCoLC)73952876 |
| 040 ## - CATALOGING SOURCE | |
| Original cataloging agency | UKM |
| Transcribing agency | UKM |
| Modifying agency | BAKER |
| -- | YDXCP |
| -- | DLC |
| 082 04 - DEWEY DECIMAL CLASSIFICATION NUMBER | |
| Classification number | 621.3824 |
| Edition number | 22 |
| Item number | ULT |
| 245 00 - TITLE STATEMENT | |
| Title | Ultra-wideband : |
| Remainder of title | antennas and propagation for communications radar and imaging / |
| Statement of responsibility, etc | edited by Ben Allen ... [et al.] |
| 260 ## - PUBLICATION, DISTRIBUTION, ETC. (IMPRINT) | |
| Place of publication, distribution, etc | Chichester, United Kingdom : |
| Name of publisher, distributor, etc | John Wiley & Sons, Ltd., |
| Date of publication, distribution, etc | c.2007. |
| 300 ## - PHYSICAL DESCRIPTION | |
| Extent | xxxi, 475 p. : |
| Other physical details | ill. ; |
| Dimensions | 25 cm. |
| 500 ## - GENERAL NOTE | |
| General note | Index : p. 471-475. |
| 504 ## - BIBLIOGRAPHY, ETC. NOTE | |
| Bibliography, etc | Includes bibliographical references. |
| 650 #0 - SUBJECT ADDED ENTRY--TOPICAL TERM | |
| Topical term or geographic name as entry element | Ultra-wideband antennas. |
| 9 (RLIN) | 8877 |
| 650 #0 - SUBJECT ADDED ENTRY--TOPICAL TERM | |
| Topical term or geographic name as entry element | Broadband communication systems |
| 9 (RLIN) | 23337 |
| 653 ## - INDEX TERM--UNCONTROLLED | |
| Resource For college | Engineering, Electrical |
| Arrived date list | March2014 |
| 655 ## - INDEX TERM--GENRE/FORM | |
| Form subdivision | |
| -- | 34232 |
| 700 ## - ADDED ENTRY--PERSONAL NAME | |
| Personal name | Allen, Ben |
| Fuller form of name | (Benjamin Hugh) |
| 9 (RLIN) | 8879 |
| Relator term | editor. |
| 942 ## - ADDED ENTRY ELEMENTS (KOHA) | |
| Source of classification or shelving scheme | Dewey Decimal Classification |
| Item type | Book - Borrowing |
| Call number prefix | 621.3824 ULT |
| Withdrawn status | Item status | Source of classification or shelving scheme | Damaged status | Not for loan | Vendor | Home library | Current library | Shelving location | Date acquired | Source of acquisition | Total Checkouts | Full call number | Barcode | Date last seen | Koha item type | Cost, normal purchase price | Total Renewals | Date last borrowed | Cost, replacement price |
|---|---|---|---|---|---|---|---|---|---|---|---|---|---|---|---|---|---|---|---|
| Dewey Decimal Classification | Baccah | Central Library | Central Library | First floor | 14/10/2009 | 621.3824 ULT | 000018083 | 15/07/2025 | Book - Borrowing | ||||||||||
| Dewey Decimal Classification | Baccah | Central Library | Central Library | First floor | 14/10/2009 | 621.3824 ULT | 000018082 | 15/07/2025 | NB - Book (Non borrowing) | ||||||||||
| Dewey Decimal Classification | Baccah | Central Library | Central Library | First floor | 30/03/2014 | 1 | 621.3824 ULT | 000035825 | 15/07/2025 | Book - Borrowing | 930.00 | 21 | 22/12/2014 | 1162.50 |